ნორმალური ფორმატი
MARC ფორმატი
ჩანაწერი Topical Term
ჩანაწერთა რაოდენობა, რომელიც გამოყენებულია: 2
001 - CONTROL NUMBER
- control field: 9888
003 - CONTROL NUMBER IDENTIFIER
- control field: GE_BSU
005 - DATE AND TIME OF LATEST TRANSACTION
- control field: 20201209115947.0
008 - FIXED-LENGTH DATA ELEMENTS
- fixed length control field: 201209|| aca||aabn | a|a d
040 ## - CATALOGING SOURCE
- Original cataloging agency: GE_BSU
- Transcribing agency: GE_BSU
150 ## - HEADING--TOPICAL TERM
- Topical term or geographic name entry element: Power (Social sciences)
670 ## - SOURCE DATA FOUND
- Source citation: Work cat.: (GE_BSU)0: Chomsky, Noam, author. 9887, Who rules the world? /
